Madhura Chenna. (Record no. 114903)

MARC details
000 -LEADER
fixed length control field 00575nam a2200205Ia 4500
003 - CONTROL NUMBER IDENTIFIER
control field OSt
005 - DATE AND TIME OF LATEST TRANSACTION
control field 20250808145426.0
008 - FIXED-LENGTH DATA ELEMENTS--GENERAL INFORMATION
fixed length control field 210210b1984 xxu||||| |||| 00| 0 eng d
040 ## - CATALOGING SOURCE
Transcribing agency AL
041 ## - LANGUAGE CODE
Language code of text/sound track or separate title Kannada
082 ## - DEWEY DECIMAL CLASSIFICATION NUMBER
Classification number K894.9 CHEM
100 ## - MAIN ENTRY--PERSONAL NAME
Personal name CHENNAVIRA KANAVI.
9 (RLIN) 234724
Dates associated with a name ಚೆನ್ನವೀರ ಕಣವಿ
245 ## - TITLE STATEMENT
Title Madhura Chenna.
Remainder of title ಮಧುರಚೆನ್ನ
260 ## - PUBLICATION, DISTRIBUTION, ETC.
Place of publication, distribution, etc. Bengaluru
Name of publisher, distributor, etc. Karnataka Sahitya Akademi
Date of publication, distribution, etc. 1984
300 ## - PHYSICAL DESCRIPTION
Extent vi,58
650 ## - SUBJECT ADDED ENTRY--TOPICAL TERM
Topical term or geographic name entry element Chennamallappa
9 (RLIN) 234725
690 ## - LOCAL SUBJECT ADDED ENTRY--TOPICAL TERM (OCLC, RLIN)
Topical term or geographic name as entry element Kannada Poetry
9 (RLIN) 234726
906 ## - LOCAL DATA ELEMENT F, LDF (RLIN)
a SG04212
942 ## - ADDED ENTRY ELEMENTS (KOHA)
Source of classification or shelving scheme Dewey Decimal Classification
Koha item type Book
Holdings
Withdrawn status Lost status Source of classification or shelving scheme Damaged status Not for loan Collection code Home library Current library Shelving location Date acquired Source of acquisition Cost, normal purchase price Total Checkouts Full call number Barcode Date last seen Price effective from Koha item type
    Dewey Decimal Classification     Kannada St Aloysius Library St Aloysius Library   02/17/2021 Karnataka Sahitya Akademi. 0.00   K894.9 CHEM SG04212 02/17/2021 02/17/2021 Special Grants